| 000 | 00572nam a22001817a 4500 | ||
|---|---|---|---|
| 999 |
_c17132 _d17132 |
||
| 008 | 180814b xxu||||| |||| 00| 0 eng d | ||
| 020 | _a0071230459 | ||
| 050 |
_aTD193 _b.S29 2003 c.1 |
||
| 100 | _aSawyer, Clair N. | ||
| 245 |
_aChemistry for Environmental Engineering and Science _cClair N. Sawyer, Perry L. McCarty and Gene F. Parkin |
||
| 250 | _a5th ed. | ||
| 260 |
_aBoston _bMcGrawHill _c2003 |
||
| 300 | _axv, 752p. | ||
| 650 | _aEnvironmental Chemistry | ||
| 700 | _aMcCarty, Perry L. | ||
| 700 | _aParkin, Gene F. | ||
| 942 |
_2lcc _cBK _e5th _hTD193 |
||